|
|
|
|
| LEADER |
00000nas a22000007a 4500 |
| 001 |
ssj0006060 |
| 003 |
WaSeSS |
| 005 |
20200512172242.0 |
| 006 |
m d |
| 007 |
cr n |
| 008 |
050614c19529999nyumr pss a 0 a0eng c |
| 010 |
|
|
|a 2007216019
|
| 022 |
|
|
|a 1939-327X
|l 0012-1797
|y 0012-1797
|
| 035 |
|
|
|a (WaSeSS)ssj0006060
|
| 037 |
|
|
|b American Diabetes Association, 1701 N. Beauregard St., Alexandria, VA 22311
|
| 040 |
|
|
|a OCLCS
|b eng
|c OCLCS
|d FQM
|d NSD
|d OCLCQ
|d OCLCF
|d OCLCO
|d OCLCQ
|d OCLCO
|d OCLCQ
|d BUF
|d OCLCO
|d REB
|d OCLCO
|d APUMS
|d OCLCO
|d U3W
|d OCLCO
|d MOW
|d OCLCO
|d NTG
|d AU@
|d OCLCO
|d WYU
|d OCLCO
|d WaSeSS
|
| 042 |
|
|
|a pcc
|a nsdp
|
| 050 |
|
4 |
|a RC660.A1
|b A5214
|
| 060 |
|
4 |
|a W1
|b DI151
|
| 082 |
1 |
0 |
|a 616
|2 14
|
| 130 |
0 |
|
|a Diabetes (New York, N.Y. : Online)
|
| 210 |
0 |
|
|a Diabetes
|b (N.Y.N.Y. : Online)
|
| 222 |
|
0 |
|a Diabetes
|b (New York, N.Y. : Online)
|
| 245 |
1 |
0 |
|a Diabetes
|h [electronic resource] :
|b a journal of the American Diabetes Association.
|
| 260 |
|
|
|a [Alexandria, Va.] :
|b American Diabetes Association :
|b Stanford University
|
| 310 |
|
|
|a Monthly,
|b <July 1972->
|
| 362 |
1 |
|
|a Print began with vol. 1 (Jan./Feb. 1952).
|
| 506 |
|
|
|a License restrictions may limit access.
|
| 525 |
|
|
|a One or more supplements accompany each vol., 1963-
|
| 580 |
|
|
|a Formed by the union of: Proceedings of the American Diabetes Association, and: Diabetes abstracts.
|
| 588 |
|
|
|a Description based on: Vol. 47, no. 3 (Mar. 1998); title from banner (publisher website, viewed July 26, 2007).
|
| 588 |
|
|
|a Latest issue consulted: Vol. 56, no. 7 (July 2007) (publisher website, viewed July 26, 2007).
|
| 650 |
|
0 |
|a Diabetes
|v Periodicals.
|
| 650 |
|
6 |
|a Diabète
|v Périodiques.
|
| 650 |
|
7 |
|a Diabetes.
|2 fast
|0 (OCoLC)fst00892147
|
| 650 |
|
2 |
|a Diabetes Mellitus
|v Periodicals.
|
| 650 |
|
2 |
|a Endocrinology
|v Periodicals.
|
| 650 |
|
2 |
|a Societies, Medical
|v Periodicals.
|
| 650 |
|
2 |
|a Diabetes Mellitus.
|
| 650 |
|
2 |
|a Endocrinology.
|
| 650 |
|
2 |
|a Societies, Medical.
|
| 655 |
|
0 |
|a Electronic journals.
|
| 710 |
2 |
|
|a American Diabetes Association.
|
| 710 |
2 |
|
|a Stanford University.
|
| 770 |
0 |
|
|t Diabetes-related literature index
|
| 776 |
1 |
|
|t Diabetes
|x 0012-1797
|w (DLC) 55058482
|w (OCoLC)1566563
|
| 780 |
1 |
4 |
|t Proceedings of the American Diabetes Association
|
| 780 |
1 |
4 |
|t Diabetes abstracts
|
| 856 |
4 |
0 |
|z Full text available from Research Library: 01/01/1997 to 07/31/2013
|u https://search.proquest.com/publication/34443
|